| 000 | 00731nam a22002057a 4500 | ||
|---|---|---|---|
| 999 |
_c7455 _d7455 |
||
| 003 | AR-CdUCM | ||
| 008 | 190320b ||||| |||| 00| 0 spa d | ||
| 040 |
_aMUNICIPALIDAD PROVINCIAL DEL CUSCO _cBIBLIOTECA MUNICIPAL DEL CUSCO |
||
| 082 |
_a631.585 / _bR42 |
||
| 100 |
_aRepo Carrasco V., Ritva _921021 |
||
| 245 |
_aCultivos andinos : _bimportancia nutricional y posibilidades de procesamiento / |
||
| 260 |
_aCusco : _bBartolomé de Las Casas, _c1988. |
||
| 300 |
_a110 páginas ; _bIlustraciones, _c21 cm. |
||
| 440 |
_aDebates andinos. _n15 _921022 |
||
| 505 | _aLa situación nutricional en el Perú - La kañiwa - Kiwicha. | ||
| 650 |
_aCultivos andinos _921023 |
||
| 650 |
_aPerú _935 |
||
| 942 |
_2ddc _cLIBROS |
||
| 945 | _aacv | ||